• 首页
  • 本馆介绍
  • 公告通知
  • 最新文献
  • 馆藏检索
  • 电子资源
  • 读者导购
  • 参考咨询
  • 我的图书馆
  • 登录
  • 详细信息显示
  • 放入我的书架
  • 预约/预借图书
  • 作者相关作品
  • 分类相关作品
  • 丛书相关作品
  • 出版社相关作品

书目信息

  • 表格格式
  • 工作单格式
  • 卡片格式
题名:
未来10年中国学科发展战略
    
 
作者: ;国家自然科学基金委员会 , 中国科学院 编
分册:   数学
出版信息: 北京   科学出版社  2012
页数: 40,94页
开本: 24cm
丛书名: 国家科学思想库
单 册:
中图分类: N12 , O1-12
科图分类:
主题词: 科学技术--学科发展--发展战略--中国--2011-2020 , 数学--学科发展--发展战略--中国--2011-2020 , 科学技术 , 学科发展 , 发展战略 , 数学
电子资源:
ISBN: 978-7-03-032310-1
000 01336nam0 2200337 450
001 523
005 20140910083243.34
010    @a978-7-03-032310-1@dCNY35.00
100    @a20120213d2012 em y0chiy50 ea
101 0  @achi@deng
102    @aCN@b110000
105    @ay z 000yy
106    @ar
200 1  @a未来10年中国学科发展战略@AWei Lai 10 Nian Zhong Guo Xue Ke Fa Zhan Zhan Lue@i数学@IShu Xue@f国家自然科学基金委员会,中国科学院[编]@FGuo Jia Zi Ran Ke Xue Ji Jin Wei Yuan Hui, Zhong Guo Ke Xue Yuan [ Bian ]
210    @a北京@c科学出版社@d2012
215    @a40,94页@d24cm
225 2  @a国家科学思想库@i学术引领系列
330    @a本书总结了近年来数学的研究现状和研究动态,分析了学科发展态势,从学科的发展规律和研究特点出发,前瞻性地思考了学科的整体布局,提出了数学的重要科学问题、前沿方向及我国发展数学领域的政策措施等内容。
461  0 @12001 @a国家科学思想库
606 0  @a科学技术@x学科发展@x发展战略@y中国@z2011-2020
606 0  @a数学@x学科发展@x发展战略@y中国@z2011-2020
606 0  @a科学技术
606 0  @a学科发展
606 0  @a发展战略
606 0  @a数学
690    @aN12@v5
690    @aO1-12@v5
711 02 @a国家自然科学基金委员会@AGuo Jia Zi Ran Ke Xue Ji Jin Wei Yuan Hui@4编
711 02 @a中国科学院@AZhong Guo Ke Xue Yuan@4编
801  0 @aCN@bTANGWEI@c20140603
905    @b0838357-59@dN12@e95@f3
    
    未来10年中国学科发展战略.数学/国家自然科学基金委员会,中国科学院[编].-北京:科学出版社,2012
    40,94页;24cm.-(国家科学思想库.学术引领系列)
    
    
    ISBN 978-7-03-032310-1:CNY35.00
    本书总结了近年来数学的研究现状和研究动态,分析了学科发展态势,从学科的发展规律和研究特点出发,前瞻性地思考了学科的整体布局,提出了数学的重要科学问题、前沿方向及我国发展数学领域的政策措施等内容。
●
相关链接 在E读中查询图书 在五车中查询图书 在当当中查询图书 在豆瓣中查询图书


正题名:未来10年中国学科发展战略     索取号:N12/95         预约/预借

序号 登录号 条形码 馆藏地/架位号 状态 备注
1 0838357   208383578   第二样本阅览室/ [索取号:N12/95] 在馆    
2 0838358   208383587   第三借阅区/ [索取号:N12/95] 在馆    
3 0838359   208383596   第三借阅区/ [索取号:N12/95] 在馆    
唐山师范学院图书馆 欢迎您!
大连网信软件有限公司© 版权所有